000 00635nam a2200181 4500
001 148453
003 ES-MaACL
005 20230906202637.0
007 t|
008 070214s1943 sp r ||||1| spa d
100 1 _aStreck, Otto.
_9108413
245 1 0 _aProblemas de Hidráulica aplicada /
_cpor el Dr. Ing. Otto Streck ; traducción de la segunda edición alemana por Julio Martínez Borso.
250 _a[1ª ed., reimp.].
260 _aBarcelona :
_bLabor,
_c1943 (
_fTall. Gráf. Ibero-Americanos)
300 _aXV, 368 p. :
_bil. ;
_c22 cm.
700 1 _aMartínez Borso, Julio.
_977896
852 _aES-MaACL
_jC-4229
_bR.23953
999 _c148453
_d148453